| 000 | 00425nam a2200121 a 4500 | ||
|---|---|---|---|
| 001 | 000044995 | ||
| 005 | 20201002045806.0 | ||
| 008 | 150128s1986 000 spa d | ||
| 040 |
_aDO-SdBNP _bspa _cBNPHU |
||
| 245 | 0 | _aEstadísticas de los Seguros Privados en la República Dominicana 1983-1984. | |
| 260 |
_aSanto Domingo, República Dominicana, : _bSuper Intendencia de Seguros, _c1986. |
||
| 300 |
_a183 p. : _bil. : ; _c18 cm. |
||
| 999 |
_c44484 _d44484 |
||